Score 0/29 Timer 03:00
0 Plays Today
Clue 4-Letter Word % Correct
☆ '___ and Roll' ☆ROCK
99.6%
'___-a-doodle-doo'COCK
96.4%
A bottle stopperCORK
94%
☆ 'Rock and ___' ☆ROLL
84.4%
☆ 'Whole Lotta ___' ☆LOVE
80.3%
Not of a short durationLONG
80.2%
Part played by an actorROLE
79.9%
Without company LONE
79.8%
A collection of stores and shopsMALL
78.8%
Brother of Seth and AbelCAIN
78.4%
Where grain is turned to flourMILL
78.1%
A hard portion of skin on the toeCORN
77.4%
Unspicy, like salsaMILD
76.6%
Dark Knight portrayer ChristianBALE
75.6%
Pence or farthing, e.g.COIN
72.7%
Clue 4-Letter Word % Correct
Chinese dynasty known for its vasesMING
72.4%
This is a terrible thing to wasteMIND
68%
☆ 'Immigrant ___' ☆SONG
64.5%
A deep heavy breathRALE
63.2%
When doubled, a prison in NYSING
59.9%
Wander aroundROVE
54.1%
Mangle or beatMAUL
53.8%
Attire for a sauna or showerROBE
53.5%
☆ 'Fool in the ___' ☆RAIN
51.7%
☆ '___ I'm Gonna Leave You' ☆BABE
47.6%
Sudden assault or attackRAID
39.5%
'Hurlyburly' playwright DavidRABE
35.7%
☆ 'Living Loving ___' ☆MAID
31.5%
Queen ___ LandMAUD
24.8%

Today's Daily Dose

Remove Ads.
Support Sporcle.
Get the best of Sporcle when you Go Orange. This ad-free experience offers more features, more stats, and more fun while also helping to support Sporcle. Thank you for becoming a member.

You're not logged in!

Compare scores with friends on all Sporcle quizzes.
OR
Log In

Show Comments

Extras

Top Quizzes Today


Score Distribution

Your Account Isn't Verified!

In order to create a playlist on Sporcle, you need to verify the email address you used during registration. Go to your Sporcle Settings to finish the process.

Report this User

Report this user for behavior that violates our Community Guidelines.

Details: